000 00372nam a2200133Ia 4500
003 GCL
008 140319s9999 xx 000 0 ara d
040 _aGCL /
_cGCL
082 0 4 _a892.76
_bن ج
245 1 0 _aاللص والكلاب (بالايطالية)
260 _a[S.N] :
_bالجامعة الامريكية بالقاهرة ،
_c1993
300 _a188 ص
490 _a
999 _c33497
_d33497